Review of recent judicial decisions on patent law : hearing before the Subcommittee on Intellectual Property, Competition, and the Internet of the Committee on the Judiciary, House of Representatives, One Hundred Twelfth Congress, first session, March 10, 2011.

Bibliographic Details
Corporate Author: United States. Congress. House. Committee on the Judiciary. Subcommittee on Intellectual Property, Competition, and the Internet
Format: Government Document eBook
Language:English
Published: Washington : U.S. G.P.O., 2011.
Subjects:
Online Access:https://purl.fdlp.gov/GPO/gpo7693

MARC

Tag First Indicator Second Indicator Subfields
LEADER 00000cam a2200000 a 4500
001 in00002698708
005 20211120161725.0
006 m d f
007 cr bn|||||||||
008 110526s2011 dcua sb f000 0 eng c
035 |a (OCoLC)ocn727133637 
040 |a GPO  |c GPO  |d GPO  |d MvI  |d UtOrBLW 
042 |a pcc 
043 |a n-us--- 
049 |a WWW 
050 1 4 |a KF27  |b .J8647 2011c 
074 |a 1020-C (online) 
086 0 |a Y 4.J 89/1:112-20 
088 |a Serial no. 112-20 (United States. Congress. House. Committee on the Judiciary) 
110 1 |a United States.  |b Congress.  |b House.  |b Committee on the Judiciary.  |b Subcommittee on Intellectual Property, Competition, and the Internet. 
245 1 0 |a Review of recent judicial decisions on patent law :  |b hearing before the Subcommittee on Intellectual Property, Competition, and the Internet of the Committee on the Judiciary, House of Representatives, One Hundred Twelfth Congress, first session, March 10, 2011. 
264 1 |a Washington :  |b U.S. G.P.O.,  |c 2011. 
300 |a 1 online resource (iii, 76 pages) :  |b illustrations 
336 |a text  |b txt  |2 rdacontent 
337 |a computer  |b c  |2 rdamedia 
338 |a online resource  |b cr  |2 rdacarrier 
500 |a Title from title screen (viewed on May 26, 2011). 
504 |a Includes bibliographical references. 
500 |a "Serial number 112-20." 
500 |a Electronic resource. 
650 0 |a Patent laws and legislation  |z United States. 
650 0 |a Patent practice  |z United States. 
610 1 0 |a United States.  |b Patent and Trademark Office  |v Rules and practice. 
776 0 8 |i Print version:  |a United States. Congress. House.  |t Review of recent judicial decisions on patent law  |w (OCoLC)727139941 
776 0 8 |i Microfiche:  |a United States. Congress. House.  |t Review of recent judicial decisions on patent law  |w (OCoLC)746156114 
856 4 0 |u https://purl.fdlp.gov/GPO/gpo7693  |t 0 
999 |a MARS 
999 f f |s ab374aab-bc75-370d-a533-d86276c97341  |i 7c3f8cd7-2fa2-3a01-b283-7c9e53bd1981  |t 0 
952 f f |a Texas A&M University  |b College Station  |c Electronic Resources  |d Available Online  |t 0  |e Y 4.J 89/1:112-20  |h Superintendent of Documents classification 
998 f f |a Y 4.J 89/1:112-20  |t 0  |l Available Online